Indigenous races of the earth; or, New Chapters of Etnological Inquiry
-д хадгалсан:
| Үндсэн зохиолчид: | , |
|---|---|
| Формат: | Ном |
| Хэл сонгох: | англи |
| Хэвлэсэн: |
Londres
Trübner & Co.
1857
|
| Хэвлэл: | 1a. ed |
| Нөхцлүүд: | |
| Шошгууд: |
Шошго нэмэх
Шошго байхгүй, Энэхүү баримтыг шошголох эхний хүн болох!
|
MARC
| LEADER | 00000nam a2200000 a 4500 | ||
|---|---|---|---|
| 001 | UCJ6449 | ||
| 003 | CL-VaPUC | ||
| 008 | 070124e18570000UK |||||||||||||||||eng|d | ||
| 082 | 0 | 4 | |a 572 |b NOT |2 21 |
| 100 | |a Nott, Josiah Clark |e author |9 513113 | ||
| 700 | 0 | |a Gliddon, George R. |e author |9 513114 | |
| 245 | 1 | 0 | |a Indigenous races of the earth; or, New Chapters of Etnological Inquiry |
| 250 | |a 1a. ed | ||
| 300 | |a 651 p | ||
| 942 | |c BK | ||
| 945 | |d 20070124 00:00:00 |a rinostro | ||
| 260 | |a Londres |b Trübner & Co. |c 1857 | ||
| 500 | |a Ilustraciones en dos láminas plegadas, al final | ||
| 650 | 0 | |a Etnografía |9 309735 | |
| 650 | 0 | |a Antropología física |9 308323 | |
| 650 | 0 | |a Antropoides |9 371124 | |
| 650 | 7 | |a MONOS |2 CL-VaPUC |9 313640 | |
| 650 | 0 | |a Evolución |9 259442 | |
| 650 | 0 | |a Razas |9 326658 | |
| 650 | 0 | |a Lenguaje y lenguas |9 265846 | |
| 650 | 7 | |a MONOGENISMO |2 CL-VaPUC |9 513006 | |
| 650 | 7 | |a POLIGENISMO |2 CL-VaPUC |9 513007 | |
| 650 | 0 | |a Ilustraciones |9 369481 | |
| 651 | 0 | |a Europa |9 255156 | |
| 651 | 0 | |a Asia |9 268338 | |
| 651 | 0 | |a África |9 256790 | |
| 651 | 0 | |a América |9 255182 | |
| 583 | |a last modification |c 20070124 00:00:00 |k Rodrigo Vera | ||
| 999 | |c 322552 |d 322550 | ||
| 952 | |0 0 |1 0 |4 0 |6 572_000000000000000_NOT_1857 |7 0 |8 X |9 401562 |a FDOBUD |b FDOBUD |d 2019-11-22 |i 1048112 |o 572 NOT 1857 |p 1048112 |r 2019-11-22 |w 2019-11-22 |y BK_X |k BUD | ||